| 000 | 01271cam a2200337 a 4500 | ||
|---|---|---|---|
| 001 | EDZ0000064188 | ||
| 003 | StDuBDS | ||
| 005 | 20161031105158.0 | ||
| 006 | m||||||||d|||||||| | ||
| 007 | cr ||||||||||| | ||
| 008 | 120327s2001 enk fo| 001|0|eng d | ||
| 020 |
_a9781446219102 (ebook) : _cNo price |
||
| 040 |
_aStDuBDS _beng _cStDuBDS _epn |
||
| 049 | _aAlfaisal Main Library | ||
| 050 | 0 |
_aHQ1190 _b.T49 2001 |
|
| 082 | 0 | 4 |
_a305.42 _223 |
| 100 | 1 |
_aThompson, Denise, _d1940- |
|
| 245 | 1 | 0 |
_aRadical feminism today _h[electronic resource] / _cDenise Thompson. |
| 260 |
_aLondon : _bSAGE, _cc2001. |
||
| 300 | _a1 online resource (vi, 165 p.) | ||
| 504 | _aIncludes bibliographical references and index. | ||
| 520 | 8 | _aThompson offers a timely and engaging account of exactly what feminism is, and what it is not. It is suitable reading for all students of women's studies and the sociology of feminism. | |
| 521 | _aSpecialized. | ||
| 588 | _aDescription based on print version record. | ||
| 650 | 0 | _aFeminism. | |
| 655 | 7 |
_aElectronic books. _2local |
|
| 710 | 2 | _aSage eBooks | |
| 776 | 0 | 8 |
_iPrint version : _z9780761963417 |
| 856 | 4 | 0 | _uhttp://ezproxy.alfaisal.edu/login?url=http://sk.sagepub.com/books/radical-feminism-today |
| 942 |
_2lcc _cEBOOKS |
||
| 999 |
_c481036 _d481036 |
||